000 00764cab a2200229 4500
001 WB3439-17
008 090401t1998 xxu||||| |||| 00| 0 eng d
035 _a(Sirsi) u89050
041 _aeng
245 _aFreedom of information win
260 _c1998
350 _a0
490 _aRICS Press Release
_v(pr121.corp) 15 October 1998 (2)
520 _aThe RICS (with other leading organisations) have won greater freedom of use of environmental information with the Environment Agency`s change of policy on the use of its information.
650 _aENVIRONMENT AGENCY
650 _aENVIRONMENTAL INFORMATION
650 _aFREEDOM OF INFORMATION
650 _aRICS
690 _aENVIRONMENTAL AND LAND CONSULTANCY
942 _n0
948 _c16/10/1998
999 _c56318
_d56318